000 00659nam a2200217 a 4500
001 BRCA_3818
005 20190320204433.0
008 291109s1866----enka######---#000-0#eng-#
041 _aeng
044 _aenk
050 4 _aF1213
_b.D66 1866
100 1 _aDonaldson, Stuart Alexander
_d1812-1867
_99946
245 1 0 _aMexico Thirty Years ago
_bas described in a series of private letters, by a youth
_cStuart Alexander Donaldson.
260 _aLondon
_bW. R. Gray
_c1866
300 _a236 p.
_bil., 1 mapa
_c21 cm.
500 _aB173
650 1 4 _aViajeros ingleses.
_97018
651 4 _aMéxico
_xDescripción y viajes
_9103
902 _aGFM
942 _2lcc
_cB
999 _c3547
_d3547